Statistics for Countries That don't End in A

Click here to take the quiz!

General Stats

  • This quiz has been taken 51 times
    (33 since last reset)
  • The average score is 89 of 121

Answer Stats

Country Name% Correct
Chile
96%
Japan
96%
Afghanistan
92%
Finland
92%
France
92%
Iceland
92%
Ireland
92%
Kazakhstan
92%
Mexico
92%
Oman
92%
Paraguay
92%
Peru
92%
Sweden
92%
United Kingdom
92%
Uruguay
92%
Italy
88%
Norway
88%
Philippines
88%
Switzerland
88%
Ukraine
88%
Yemen
88%
Azerbaijan
83%
Brazil
83%
Egypt
83%
Iran
83%
Israel
83%
Jordan
83%
Laos
83%
Madagascar
83%
Nepal
83%
Pakistan
83%
Portugal
83%
Spain
83%
Belarus
79%
Belgium
79%
Belize
79%
Democratic Republic of the Congo
79%
Denmark
79%
Fiji
79%
Germany
79%
Iraq
79%
Lebanon
79%
Tajikistan
79%
Thailand
79%
Turkey
79%
Turkmenistan
79%
Tuvalu
79%
Uzbekistan
79%
Vatican City
79%
Vietnam
79%
Bahamas
75%
Bhutan
75%
Dominican Republic
75%
Greece
75%
Honduras
75%
Kiribati
75%
Kyrgyzstan
75%
Lesotho
75%
New Zealand
75%
Niger
75%
Qatar
75%
Republic of the Congo
75%
Vanuatu
75%
Cape Verde
71%
Central African Republic
71%
Chad
71%
Djibouti
71%
Haiti
71%
Hungary
71%
Kuwait
71%
Liechtenstein
71%
Morocco
71%
Myanmar
71%
Netherlands
71%
Poland
71%
San Marino
71%
South Sudan
71%
Sudan
71%
United Arab Emirates
71%
Bahrain
67%
Bangladesh
67%
Barbados
67%
Comoros
67%
Ivory Coast
67%
Marshall Islands
67%
Mauritius
67%
Monaco
67%
Nauru
67%
Palau
67%
Senegal
67%
St Vincent and the Grenadines
67%
Suriname
67%
Trinidad and Tobago
67%
Benin
63%
Brunei
63%
Burkina Faso
63%
Burundi
63%
Eswatini
63%
Kosovo
63%
Luxembourg
63%
Mali
63%
Mozambique
63%
Sao Tome and Principe
63%
Seychelles
63%
Togo
63%
Zimbabwe
63%
Cyprus
58%
Gabon
58%
Solomon Islands
58%
St Kitts and Nevis
58%
Cameroon
54%
El Salvador
54%
Maldives
54%
Montenegro
54%
Singapore
54%
United States
54%
Taiwan
50%
East Timor
46%
Guinea Bissau
46%
Malawi
46%
Sierra Leone
38%

Score Distribution

Percentile by Number Answered

Percent of People with Each Score

Your Score History

You have not taken this quiz since the last reset